| 000 | 00862aam a2200289 4500 | ||
|---|---|---|---|
| 005 | 20160831122009.0 | ||
| 008 | 150309b xxu||||| |||| 00| 0 spa d | ||
| 041 | _aspa | ||
| 082 | _a2.65 P226r | ||
| 100 |
_aPardo, Manuela _916412 |
||
| 100 |
_aLuna, Roberto _916413 |
||
| 245 | _aRecursos Humanos para Turismo | ||
| 260 |
_aEspaña _bPearson Educación _c2007 |
||
| 300 | _a442 páginas | ||
| 650 |
_aRECURSOS HUMANOS _916414 |
||
| 650 |
_aADMINISTRACION DE PERSONAL _9171 |
||
| 650 |
_aTURISMO _9894 |
||
| 650 |
_aEVOLUCION DEL PENSAMIENTO _916415 |
||
| 650 |
_aPLANIFICACION _924 |
||
| 650 |
_aANALISIS DE PUESTOS _9390 |
||
| 650 |
_aRECLUTAMIENTO DE PERSONAL _916416 |
||
| 650 |
_aSELECCION DE PERSONAL _9398 |
||
| 650 |
_aFORMACION _916417 |
||
| 650 |
_aEVALUACION DEL DESEMPEÑO _9399 |
||
| 650 |
_aCOMUNICACION EMPRESARIAL _92803 |
||
| 942 | _cBK | ||
| 999 |
_c3790 _d3790 |
||